000 00750nam a2200229Ia 4500
001 15433
003 GE_BSU
008 181216s||||||||xx |||||||||||||| ||und||
040 _cGE_BSU
080 _a821.353.1-1
100 _aჩიქოვანი,სიმონ
245 _aლირიკული რვეულიდან
245 _bლექსები
245 _cრედ.ა.შენგელია. მხატვ.თ.სიკორსკაია
260 _aთბილისი
260 _bნაკადული
260 _c1960
300 _a156გვ.1ფ.პორტრ.17სმ.
653 _aლექსები
653 _aლირიკული რვეულიდან
942 _cBK
999 _c48536
_d48536